000 00287nam a2200109Ia 4500
005 20251222144731.0
008 251222s9999||||xx |||||||||||||| ||spa||
082 _a238.2/A49
100 _aAlvarez, F.
245 0 _aMorir con dignidad: Acercamiento a la muerte y al moribundo
942 _cLIB
999 _c18609
_d18609